|
|
|
|
| LEADER |
00000cam a2200000 a 4500 |
| 001 |
19880 |
| 005 |
20230308160823.0 |
| 008 |
000000|1953 ||||||||r|||||||||||spa|| |
| 040 |
|
|
|b spa
|
| 041 |
1 |
|
|a spa
|
| 082 |
0 |
|
|a 923.3
|
| 100 |
1 |
|
|a Greve, Ernesto
|9 21419
|
| 245 |
1 |
1 |
|a El Conquistador Francisco Aguirre
|c Ernesto Greve
|h imp
|
| 264 |
|
|
|a Santiago de Chile
|b Fondo Histórico y Bibliográfico J. T. Medina
|c 1953
|
| 300 |
|
|
|a 204 páginas:
|c 20 cm
|
| 504 |
|
|
|a incl. ref.
|
| 650 |
1 |
|
|a Aguirre francisco de
|9 11431
|
| 852 |
|
|
|a UC-CDJBV
|c TERCER PISO
|f Donación
|k guillermina.martinez
|l 1
|m General
|p 00000000
|q 25,00
|r 2
|t 19880
|b 0
|d CDRC
|e CDRC
|g 923.3 TERCER PISO
|z 0000-00-00
|
| 942 |
|
|
|c BK
|
| 999 |
|
|
|c 12413
|d 12413
|